| 000 | 004330000a22001690004500 | ||
|---|---|---|---|
| 003 | MACL | ||
| 005 | 20160110145819.0 | ||
| 008 | 160110b xxu||||| |||| 00| 0 eng d | ||
| 040 |
_aMACL _cMACL |
||
| 041 | _aEnglish | ||
| 082 | _a800/HAU | ||
| 100 |
_aHsun Lu _931045 |
||
| 245 | _aSelected Works of Lu Hsun | ||
| 260 |
_bForeign Languages Publishing House _c1956 _aChina |
||
| 650 |
_aLiterature _931046 |
||
| 942 |
_cBK _k800/Hus _2ddc |
||
| 999 |
_c35012 _d35012 |
||